[Event "Novorossiysk Small Land Blitz op"]
[Site "Novorossiysk"]
[Date "2023.07.29"]
[Round "2"]
[White "Ryazanov, Nikolay"]
[Black "Petrov, Nikita"]
[Result "0-1"]
[WhiteElo "1763"]
[BlackElo "2559"]
[PlyCount "62"]
[EventDate "2023.07.29"]
[EventType "swiss (blitz)"]
[EventRounds "13"]
[EventCountry "RUS"]
[SourceTitle "CBM 215 Extra"]
[Source "ChessBase"]
[SourceDate "2023.09.30"]
[SourceVersion "1"]
[SourceVersionDate "2023.09.30"]
[SourceQuality "1"]

1. e4 e5 2. Bc4 Nf6 3. d3 c6 4. Nf3 d5 5. Bb3 a5 6. a4 Bb4+ 7. Bd2 Bxd2+ 8. Nbxd2 Bg4 9. h3 Bxf3 10. Qxf3 0-0 11. 0-0 Na6 12. c3 Nc5 13. Bc2 Qb6 14. Rab1 Rad8 15. Rfe1 dxe4 16. Nxe4 Ncxe4 17. dxe4 Rd2 18. Re2 Rfd8 19. b4 axb4 20. cxb4 h6 21. b5 Qc5 22. Bb3 R8d3 23. Re3 Rxe3 24. Qxe3 Qxe3 25. fxe3 cxb5 26. axb5 Nxe4 27. Rc1 Nd6 28. Rc7 Rb2 29. Rc3 Kf8 30. Bd5 Rxb5 31. Rc7 Rxd5 0-1